| 000 | 00000nam##2200000za#4500 |
| 001 | 9.662424 |
| 003 | CaOODSP |
| 005 | 20210615120537 |
| 007 | ta |
| 008 | 150407|2000||||xxc||||| f|0| 0 fre|d |
| 020 | |a0-662-65422-6 |
| 040 | |aCaOODSP|bfre |
| 041 | |aeng |
| 041 | |afre |
| 043 | |an-cn--- |
| 086 | 1 |aR2-115/2000 |
| 110 | 1 |aCanada.|bAffaires indiennes et du Nord. |
| 245 | 10|aCaractéristiques d'activité de la population autochtone d'après les résultats du recensement de 1996 |
| 260 | |aOttawa - Ontario : |bAffaires indiennes et du Nord |c2000. |
| 300 | |aTexte français, xi, 40p. ; |c28 cm. |
| 546 | |aBilingue |
| 563 | |aReliure à spirale |
| 590 | |a01-19|b2001-05-11 |
| 691 | 07|aAffaires autochtones|2gcpds |
| 691 | 07|aMain-d'oeuvre|2gcpds |
| 691 | 07|aAutochtones|2gcpds |
| 776 | 0#|tCaractéristiques de la population active autochtone d'après les résultats du recensement de 1996 / |w(CaOODSP)9.642056 |
| 776 | 0#|tAboriginal labour force characteristics from the 1996 census / |w(CaOODSP)9.698060 |
| 791 | |tAboriginal labour force characteristics from the 1996 census |eeng|w(CaOODSP)9.662423 |
| 986 | |aQS-3570-001-BB-A1 |